| 000 | 00973cab a22002775a 4500 | ||
|---|---|---|---|
| 001 | L159122 | ||
| 008 | 160202s2015 xxk 000 0 eng d | ||
| 020 | _a9781509900268 | ||
| 035 | _a(Sirsi) u159122 | ||
| 041 | 0 | _aeng | |
| 100 | 1 | _aDouglas, Simon | |
| 245 | 0 | 0 |
_aLandmark cases in property law _h[electronic resource] |
| 260 |
_aLondon _bBloomsbury _c2015 |
||
| 300 | _aeBook | ||
| 520 | _aExplores the development of basic principles of property law by reference to landmark cases. Considers the acquisition of property rights, the limits and boundaries of property and the extinguishment of rights. | ||
| 590 | _aKA | ||
| 650 | 2 | 4 | _aEBOOK |
| 650 | 2 | 4 | _aPROPERTY OWNERSHIP |
| 650 | 2 | 4 | _aLAND REGISTRATION |
| 651 | 4 |
_aEngland and Wales _y1543- |
|
| 690 |
_aLand use _96251 |
||
| 700 | 1 | _aHickie, Richard | |
| 700 | 1 | _aWaring, Emma | |
| 856 | 4 | 0 |
_uhttps://www.vlebooks.com/ _zView on VLEbooks. Logins for members only from [email protected] |
| 942 | _n0 | ||
| 999 |
_c115688 _d115688 |
||